LIBRARY & INFORMATION CENTRE, KCAET, TAVANUR

ONLINE PUBLIC ACCESS CATALOGUE (OPAC)

Normal view MARC view
  • Vinnakota Yesubabu

Entry Personal Name

Number of records used in: 1

001 - CONTROL NUMBER

  • control field: 7844

003 - CONTROL NUMBER IDENTIFIER

  • control field: OSt

005 - DATE AND TIME OF LATEST TRANSACTION

  • control field: 20251129121924.0

008 - FIXED-LENGTH DATA ELEMENTS

  • fixed length control field: 251129|| aca||aabn | a|a d

040 ## - CATALOGING SOURCE

  • Original cataloging agency: OSt
  • Transcribing agency: OSt

100 ## - HEADING--PERSONAL NAME

  • Personal name: Vinnakota Yesubabu

670 ## - SOURCE DATA FOUND

  • Source citation: Work cat.: (OSt)19524: Vinnakota Yesubabu, Climate Change Impact on Operation Policy and Performance Indices of a Reservoir using Machine Learning Techniques, 2025
free website counter